| 000 | 00521nam a22001577a 4500 | ||
|---|---|---|---|
| 082 | _aT-147 | ||
| 100 |
_aGhulam Kabeer Khan Niazi, Major. _948550 |
||
| 245 |
_aModification of Marshall method compactive effort criterion for designing rut resistant bituminous mixes in Pakistan. _cGhulam Kabeer Khan Niazi, Major. |
||
| 260 |
_aRisalpur. _bMCE |
||
| 300 | _ap 111.: | ||
| 526 |
_a0 _b0 _c0 _dT_147 |
||
| 650 |
_aMSc in CE _948551 |
||
| 650 |
_aThesis _934811 |
||
| 700 |
_aDr Zafar Iqbal Raja. _948552 |
||
| 942 |
_2ddc _cBK |
||
| 999 |
_c551450 _d551450 |
||